Регионална библиотека "Любен Каравелов" - Русе

Песни на стихи Роберта Рождественского (Запис номер 350796)

MARC детайли
000 -Лидер
Контролно поле с фиксирана дължина ncm a22 a 4500
003 - Код на организацията, давaща контролен номер
Контролно поле BLK
005 - Дата и час на последна редакция
Контролно поле 20200408164835.0
008 - Елементи от данни с фиксирана дължина
fixed length control field 200402b bu ||||| |||| 00| 0 bu d
040 ## - Източник на каталожния запис
Идентификатор на билиотеката - собственик на записа BLK
041 ## - Код за език
Код за езика на текст/звукозапис или на отделно заглавие Български
Код за езика КДБФ Български
080 ## - УДК
Текстов определител УДК Вокална музика
УДК код - определител по УДК 784
080 ## - УДК
Текстов определител УДК За китара
УДК код - определител по УДК 787.61
139 ## - Редно поле
9 (RLIN)
Редна дума Песни стихи Роберта Рождественского
Авторски знак Пес - П 38
245 ## - Сведения за заглавието
Заглавие Песни на стихи Роберта Рождественского
Подзаглавни данни Для голоса в сопровождении гитары
Редно поле (дума) Робърт Рождественски; съст. Наталья Грешищева
260 ## - Област на издателските данни
9 (RLIN) 402764
Място на издаване, разпространение и проч. Москва
Име на издателя, разпространителя и проч. Музыка
Година на издаване 1982
300 ## - Физическа характеристика
Страници 224 с.
Размери/Мащаб 28 см
380 ## - Жанр
Жанр Изкуство
650 #7 - Допълнително описание по предмет – тема
9 (RLIN) 158657
Основно описание – тема или топоним Китара
653 #0 - Ключова дума – ненормативна
9 (RLIN) 403417
Ключова дума песни за китара
700 ## - Други автори (авторска отговорност)
9 (RLIN) 1478
Лично име Грешищева, Наталья
Автороска отговорност (Описва отношението между автора и произведението) състав.
852 ## - Местоположение
Форматна сигнатура М II 9578
Фондова буква Хранилище
999 ## - СИСТЕМНИ КОНТРОЛНИ НОМЕРА
Koha biblionumber 350796
Koha biblioitemnumber 350796
942 ## - АРТИКУЛИ
Вид на библиотечния материал Нотни издания
Скрит в OPAC Не
Периодичен библиозапис Да
944 ## - СЪЗДАВАНЕ И РЕДАКЦИЯ на ЗАПИСА
Създаване/Редакция Създаване
Дата на регистрацията/редакция 2020-04-02
Служител, извършил регистрацията/редакцията К.Д.
999 ## - СИСТЕМНИ КОНТРОЛНИ НОМЕРА
Koha biblioitemnumber 350796
999 ## - СИСТЕМНИ КОНТРОЛНИ НОМЕРА
Koha biblioitemnumber 350796
999 ## - СИСТЕМНИ КОНТРОЛНИ НОМЕРА
Koha biblioitemnumber 350796
Наличности
Код за отписване Код за изгубен артикул Източник на класификационната схема Код за повреда Коз за рестрикции Код за отдаване Артикулен № Име на библиотеката - собственик Име на библиотеката, в която се намира в момента Статус (Текущо местоположение) Дата на вписване в системата Местоположение - отдел Цена в лева Инвентарен номер Систематично азбучна сигнатура Баркод Цена в евро Служебен тип на артикула
  Не е изгубен Universal Decimal Classification Не е повреден без рестрикции заемане за дома 758900 Регионална библиотека "Любен Каравелов" Русе Регионална библиотека "Любен Каравелов" Русе Отдел Изкуство - подръчен фонд 2020-04-06 Отдел Изкуство - подръчен фонд 2.48 413158 784/П 38 120000413158 1.27 Нотни издания
Vip Innovations Ltd, Rousse, Bulgaria 2025